<?xml version="1.0" encoding="UTF-8"?>
<collection xmlns="http://www.loc.gov/MARC21/slim">
 <record>
  <leader>03184nam a2200385   4500</leader>
  <controlfield tag="001">000023966</controlfield>
  <controlfield tag="003">20419</controlfield>
  <controlfield tag="005">20160525150546.0</controlfield>
  <controlfield tag="008">160525s2012                        engsd</controlfield>
  <datafield tag="020" ind1=" " ind2=" ">
   <subfield code="a">9781118018521 (hardback)</subfield>
  </datafield>
  <datafield tag="041" ind1="0" ind2=" ">
   <subfield code="a">eng</subfield>
  </datafield>
  <datafield tag="082" ind1="0" ind2="0">
   <subfield code="a">338.7629222092245</subfield>
   <subfield code="b">CL-J</subfield>
  </datafield>
  <datafield tag="100" ind1="1" ind2=" ">
   <subfield code="a">Clark, Jennifer</subfield>
   <subfield code="d">1972-</subfield>
  </datafield>
  <datafield tag="245" ind1="1" ind2="0">
   <subfield code="a">Mondo Agnelli</subfield>
   <subfield code="b">Fiat, Chrysler, and the power of a dynasty</subfield>
   <subfield code="c">Jennifer Clark.</subfield>
  </datafield>
  <datafield tag="260" ind1=" " ind2=" ">
   <subfield code="a">Hoboken, N.J.</subfield>
   <subfield code="b">Wiley</subfield>
   <subfield code="c">2012</subfield>
  </datafield>
  <datafield tag="300" ind1=" " ind2=" ">
   <subfield code="a">xxiii, 360 p.</subfield>
   <subfield code="b">ill.</subfield>
   <subfield code="c">24 cm.</subfield>
  </datafield>
  <datafield tag="504" ind1=" " ind2=" ">
   <subfield code="a">Includes bibliographical references (p. 316-337) and index.</subfield>
  </datafield>
  <datafield tag="520" ind1=" " ind2=" ">
   <subfield code="a">The fascinating story of a century-old automobile dynasty Fiat is one of the world's largest automakers, but when it made headlines by grabbing control of a bankrupt Chrysler in 2009 it was unknown in the U.S. Fiat's against-all-odds swoop on Chrysler--masterminded by Sergio Marchionne, the Houdini-like manager who saved Fiat from its own near-collapse in 2005 - has made the automaker one of the most unlikely winners of the financial crisis. Mondo Agnelli is a new book that looks at the chain of unpredictable events triggered by the death of Gianni Agnelli in 2003. Gianni, the charismatic, silver-haired power broker and style icon, was the patriarch who had lead the company founded by his grandfather in 1899. But Gianni's own son had committed suicide. Without a mature heir, the dynasty and Fiat were rudderless. Backed by Gianni's closest advisors, his serious, shy, and determined grandson John plucked Marchionne from obscurity. Together, they saved the family company and, inadvertently, positioned Fiat as a global trailblazer when the global storm hit. A classic story of ingenuity and hard work, the book portrays a business dynasty that triumphed over adversity and family tragedy because of its own smarts, sweat, and ability to bend the rules A an engaging tale for those interested in the stories behind the economic crash, the book contains never-before reported material about how Fiat succeeded in making Chrysler profitable where both Daimler AG and Cerberus, its previous owners, had failed. A story for a wide audience, from car buffs, business readers, lovers of Italy, and anyone fascinated by the lifestyle of Europe's most glamorous industrial dynasty, this book tells the tale of how Fiat achieved the seemingly impossible -- turning around an American automotive icon everyone else had given up for dead</subfield>
   <subfield code="c">Provided by publisher.</subfield>
   <subfield code="c">Provided by publisher.</subfield>
  </datafield>
  <datafield tag="600" ind1="3" ind2="0">
   <subfield code="a">Agnelli family.</subfield>
  </datafield>
  <datafield tag="650" ind1=" " ind2="0">
   <subfield code="a">Businessmen</subfield>
   <subfield code="z">Italy.</subfield>
  </datafield>
  <datafield tag="650" ind1=" " ind2="0">
   <subfield code="a">Automobile industry and trade</subfield>
   <subfield code="z">Italy.</subfield>
  </datafield>
  <datafield tag="653" ind1=" " ind2=" ">
   <subfield code="a">Automobile industry</subfield>
  </datafield>
  <datafield tag="653" ind1=" " ind2=" ">
   <subfield code="a">Trade</subfield>
  </datafield>
  <datafield tag="700" ind1="1" ind2=" ">
   <subfield code="d">1940-</subfield>
   <subfield code="d">1950-</subfield>
  </datafield>
  <datafield tag="700" ind1="1" ind2=" ">
   <subfield code="d">1950-</subfield>
   <subfield code="d">1963-</subfield>
  </datafield>
  <datafield tag="OWN" ind1=" " ind2=" ">
   <subfield code="a">LSP</subfield>
  </datafield>
  <datafield tag="AVA" ind1=" " ind2=" ">
   <subfield code="a">UDN50</subfield>
   <subfield code="b">LSP</subfield>
   <subfield code="d">338.7629222092245 CL-J</subfield>
   <subfield code="e">available</subfield>
   <subfield code="t">Error 5001 Not defined in file expand_doc_bib_avail.</subfield>
   <subfield code="f">1</subfield>
   <subfield code="g">0</subfield>
   <subfield code="h">N</subfield>
   <subfield code="i">0</subfield>
   <subfield code="k">1</subfield>
  </datafield>
  <datafield tag="999" ind1=" " ind2=" ">
   <subfield code="a">From the UDN01</subfield>
  </datafield>
  <datafield tag="AVA" ind1=" " ind2=" ">
   <subfield code="a">UDN50</subfield>
   <subfield code="b">LSP</subfield>
   <subfield code="d">338.7629222092245 CL-J</subfield>
   <subfield code="e">available</subfield>
   <subfield code="t">Error 5001 Not defined in file expand_doc_bib_avail.</subfield>
   <subfield code="f">1</subfield>
   <subfield code="g">0</subfield>
   <subfield code="h">N</subfield>
   <subfield code="i">0</subfield>
   <subfield code="k">1</subfield>
  </datafield>
  <datafield tag="TYP" ind1=" " ind2=" ">
   <subfield code="a">Monograph</subfield>
  </datafield>
  <datafield tag="TYP" ind1=" " ind2=" ">
   <subfield code="a">Printed language</subfield>
  </datafield>
  <datafield tag="980" ind1=" " ind2=" ">
   <subfield code="a">Mạng thư viện Đại học Đà Nẵng</subfield>
  </datafield>
 </record>
</collection>
